La Escuela Normal y el Instituto de Señoritas : (Registro nro. 16523)
[ vista simple ]
| 000 -CABECERA | |
|---|---|
| campo de control de longitud fija | 00856nam a2200181 a 4500 |
| 001 - NÚMERO DE CONTROL | |
| campo de control | 000016995 |
| 005 - FECHA Y HORA DE LA ÚLTIMA TRANSACCIÓN | |
| campo de control | 20240705073646.0 |
| 008 - DATOS DE LONGITUD FIJA--INFORMACIÓN GENERAL | |
| campo de control de longitud fija | 100312d1933 dr r 000 0 spa d |
| 040 ## - FUENTE DE LA CATALOGACIÓN | |
| Centro catalogador/agencia de origen | DO-SdBNP |
| Lengua de catalogación | spa |
| Centro/agencia transcriptor | BNPHU |
| 082 ## - NÚMERO DE LA CLASIFICACIÓN DECIMAL DEWEY | |
| Número de clasificación | xxxx |
| Número de documento/Ítem | D611p |
| 100 1# - ENTRADA PRINCIPAL--NOMBRE DE PERSONA | |
| Nombre de persona | Hostos, Eugenio María de, |
| Fechas asociadas al nombre | 1839-1903 |
| 9 (RLIN) | 1352 |
| 245 13 - MENCIÓN DE TÍTULO | |
| Título | La Escuela Normal y el Instituto de Señoritas : |
| Resto del título | Páginas para la historia de la cultura dominicana / |
| Mención de responsabilidad, etc. | Eugenio María Hostos. |
| 260 ## - PUBLICACIÓN, DISTRIBUCIÓN, ETC. | |
| Lugar de publicación, distribución, etc. | Santo Domingo : |
| Nombre del editor, distribuidor, etc. | La Nación, |
| Fecha de publicación, distribución, etc. | 1933. |
| 300 ## - DESCRIPCIÓN FÍSICA | |
| Extensión | 37 p. ; |
| Dimensiones | 24 cm. |
| 500 ## - NOTA GENERAL | |
| Nota general | Discurso pronunciado por Eugenio María Hostos, director de la Escuela Normal de Santo Domingo, en la primera investidura, de alumnas del Instituto de Señoritas, dirigido por Salomé Ureña de Henríquez, 17 de abril de 1887. |
| 500 ## - NOTA GENERAL | |
| Nota general | Incluye notas al pie de páginas |
| 500 ## - NOTA GENERAL | |
| Nota general | Edición de la revista de educación |
| Estado de retiro | Estado de pérdida | No para préstamo | Código de colección | Localización permanente | Ubicación/localización actual | Ubicación en estantería | Fecha de adquisición | Número de inventario | Total de préstamos | Signatura topográfica completa | Código de barras | Fecha visto por última vez | Precio válido a partir de | Tipo de ítem Koha |
|---|---|---|---|---|---|---|---|---|---|---|---|---|---|---|
| Excluido de préstamo | Patrimonio Dominicano | Patrimonio Dominicano | Patrimonio Dominicano | En catalogación | 12.03.2010 | LF1 | xxxx D611p | 16995-10 | 25.06.2020 | 25.06.2020 | Libro y Folleto Colección Patrimonio Dominicano |
